[Event "RUS-ch Silent"]
[Site "Zelenograd "]
[Date "2014.09.27"]
[Round "11"]
[White "Gerasimov, Aleksander"]
[Black "Ivanov, Mikhail"]
[Result "1-0"]
[WhiteElo "2176"]
[BlackElo "2156"]
[PlyCount "57"]
[EventDate "2014.09.19"]
[EventType "swiss"]
[EventRounds "11"]
[EventCountry "RUS"]
[SourceTitle "EXT 2015"]
[Source "ChessBase"]
[SourceDate "2014.11.20"]
[SourceVersion "1"]
[SourceVersionDate "2014.11.20"]
[SourceQuality "1"]

1. d4 Nf6 2. c4 e6 3. Nf3 Bb4+ 4. Bd2 Qe7 5. g3 Ne4 6. Bg2 c5 7. Bxb4 cxb4 8. Qc2 f5 9. 0-0 0-0 10. d5 e5 11. Nbd2 Nc5 12. Nb3 Nba6 13. Nxc5 Nxc5 14. Qd2 Ne4 15. Qc2 Rf6 16. Ne1 Nc5 17. Nd3 a5 18. Rad1 d6 19. Nxc5 dxc5 20. a4 Raa6 21. b3 g5 22. e4 f4 23. f3 h5 24. Qf2 b6 25. Rd2 Ra7 26. Rfd1 Rd7 27. Bh3 g4 28. fxg4 Rdd6 29. g5 1-0

[Event "RUS-ch Silent"]
[Site "Zelenograd "]
[Date "2014.09.24"]
[Round "8"]
[White "Ivanov, Mikhail"]
[Black "Maslov, Andrey"]
[Result "1-0"]
[WhiteElo "2156"]
[BlackElo "2185"]
[PlyCount "61"]
[EventDate "2014.09.19"]
[EventType "swiss"]
[EventRounds "11"]
[EventCountry "RUS"]
[SourceTitle "EXT 2015"]
[Source "ChessBase"]
[SourceDate "2014.11.20"]
[SourceVersion "1"]
[SourceVersionDate "2014.11.20"]
[SourceQuality "1"]

1. d4 Nf6 2. Nf3 e6 3. c4 d5 4. Nc3 c6 5. Bg5 Be7 6. e3 Nbd7 7. cxd5 exd5 8. Bd3 h6 9. Bh4 Ne4 10. Bxe7 Qxe7 11. Qc2 f5 12. 0-0-0 g6 13. Rhe1 0-0 14. g3 Kg7 15. Nh4 Ndf6 16. f3 Nxc3 17. bxc3 Ne8 18. Kb1 Nd6 19. e4 fxe4 20. fxe4 dxe4 21. Bxe4 Nxe4 22. Rxe4 Qd6 23. Rde1 Bd7 24. Re6 Bxe6 25. Qxg6+ Kh8 26. Qxh6+ Kg8 27. Rxe6 Rf1+ 28. Kc2 Qf8 29. Qg5+ Kh7 30. Re7+ Rf7 31. Qg6+ 1-0

[Event "RUS-ch Silent"]
[Site "Zelenograd "]
[Date "2014.09.23"]
[Round "7"]
[White "Fomichev, Sergey"]
[Black "Ivanov, Mikhail"]
[Result "0-1"]
[WhiteElo "2020"]
[BlackElo "2156"]
[PlyCount "66"]
[EventDate "2014.09.19"]
[EventType "swiss"]
[EventRounds "11"]
[EventCountry "RUS"]
[SourceTitle "EXT 2015"]
[Source "ChessBase"]
[SourceDate "2014.11.20"]
[SourceVersion "1"]
[SourceVersionDate "2014.11.20"]
[SourceQuality "1"]

1. e4 c6 2. d4 d5 3. Nc3 dxe4 4. Nxe4 Nd7 5. Nf3 Ngf6 6. Ng3 e6 7. Bd3 Be7 8. c3 0-0 9. 0-0 b6 10. Qc2 Bb7 11. Ne5 Rc8 12. Rd1 h6 13. f4 c5 14. Nxd7 Nxd7 15. Be3 Qc7 16. Qe2 Rfe8 17. Bc2 Nf6 18. Qd3 cxd4 19. Bxd4 Red8 20. Kh1 Qxf4 21. Rf1 Qg4 22. Rxf6 Bxf6 23. Qh7+ Kf8 24. Bxf6 gxf6 25. Qxh6+ Ke7 26. Qe3 Rc5 27. Rf1 Rh8 28. Qf4 Qxf4 29. Rxf4 f5 30. Rf2 Rd8 31. Re2 Kf6 32. Kg1 Rdd5 33. Nf1 Ba6 0-1

[Event "RUS-ch Silent"]
[Site "Zelenograd "]
[Date "2014.09.22"]
[Round "5"]
[White "Ionov, Yuri"]
[Black "Ivanov, Mikhail"]
[Result "1-0"]
[WhiteElo "2031"]
[BlackElo "2156"]
[PlyCount "94"]
[EventDate "2014.09.19"]
[EventType "swiss"]
[EventRounds "11"]
[EventCountry "RUS"]
[SourceTitle "EXT 2015"]
[Source "ChessBase"]
[SourceDate "2014.11.20"]
[SourceVersion "1"]
[SourceVersionDate "2014.11.20"]
[SourceQuality "1"]

1. d4 Nf6 2. c4 e6 3. Nc3 Bb4 4. a3 Bxc3+ 5. bxc3 b6 6. Bg5 Bb7 7. Nf3 d6 8. e3 Nbd7 9. Bd3 h6 10. Bh4 e5 11. Bf5 g5 12. Bg3 Qe7 13. Qa4 Kf8 14. Qc2 Kg7 15. 0-0 h5 16. h4 Bxf3 17. gxf3 gxh4 18. Bxh4 Rag8 19. Kh1 Kf8 20. Rg1 a5 21. Qa4 Nb8 22. e4 Qe8 23. Qb3 Ng4 24. Rg2 Nh6 25. Bh3 Rxg2 26. Kxg2 f6 27. Kh2 Rg8 28. Qb2 Qg6 29. Qd2 Nc6 30. c5 exd4 31. cxd4 bxc5 32. dxc5 Ne5 33. Qf4 Kf7 34. cxd6 cxd6 35. Rb1 Nhg4+ 36. fxg4 hxg4 37. Bg2 Rh8 38. Kg3 Ke6 39. Qd2 Nd7 40. Qd5+ Ke7 41. Rd1 Rh7 42. Qxd6+ Ke8 43. Rc1 Kd8 44. e5 Rxh4 45. Rd1 Rh7 46. e6 Qh5 47. Rh1 Qg6 1-0

[Event "RUS-ch Silent"]
[Site "Zelenograd "]
[Date "2014.09.20"]
[Round "2"]
[White "Ivanov, Mikhail"]
[Black "Pogoskin, Roman"]
[Result "1/2-1/2"]
[WhiteElo "2156"]
[BlackElo "2021"]
[PlyCount "37"]
[EventDate "2014.09.19"]
[EventType "swiss"]
[EventRounds "11"]
[EventCountry "RUS"]
[SourceTitle "EXT 2015"]
[Source "ChessBase"]
[SourceDate "2014.11.20"]
[SourceVersion "1"]
[SourceVersionDate "2014.11.20"]
[SourceQuality "1"]

1. d4 Nf6 2. Nf3 e6 3. c4 d5 4. Nc3 Be7 5. Bg5 Nbd7 6. cxd5 exd5 7. e3 0-0 8. Bd3 c6 9. Qc2 h6 10. Bh4 Re8 11. 0-0 Nh5 12. Bxe7 Qxe7 13. Rfe1 Nhf6 14. e4 Nxe4 15. Nxe4 dxe4 16. Rxe4 Qf8 17. Rxe8 Qxe8 18. Re1 Qf8 19. Bc4 1/2-1/2

[Event "Kromeriz op"]
[Site "Kromeriz"]
[Date "2014.05.08"]
[Round "2"]
[White "Ptak, Pavel"]
[Black "Ivanov, Mikhail"]
[Result "0-1"]
[WhiteElo "2100"]
[BlackElo "2370"]
[PlyCount "81"]
[EventDate "2014.05.07"]
[EventType "swiss"]
[EventRounds "7"]
[EventCountry "CZE"]
[SourceTitle "EXT 2016"]
[Source "ChessBase"]
[SourceDate "2015.10.08"]
[SourceVersion "1"]
[SourceVersionDate "2015.10.08"]
[SourceQuality "1"]

1. d4 Nf6 2. g3 d5 3. Nf3 c6 4. c4 dxc4 5. Bg2 b5 6. Ne5 Bb7 7. b3 cxb3 8. Qxb3 e6 9. Bb2 Qb6 10. 0-0 c5 11. Bxb7 Qxb7 12. a4 b4 13. dxc5 Bxc5 14. Rc1 Na6 15. Qc4 0-0 16. Qb5 Bb6 17. Nd2 Qd5 18. Qxd5 Nxd5 19. a5 Bc5 20. Nb3 Rfc8 21. Kf1 Bf8 22. Bd4 Nc3 23. Rc2 Nc7 24. Bxc3 Nb5 25. Rd1 f6 26. Nf3 Rxc3 27. Rxc3 bxc3 28. Ne1 Na3 29. Rd7 Rb8 30. Nc1 Rb1 31. Ned3 e5 32. e4 Nb5 33. Ke1 Bb4 34. Nxb4 Rxb4 35. a6 Rxe4+ 36. Kf1 Rd4 37. Rb7 Rd1+ 38. Ke2 Rxc1 39. Rxb5 Ra1 40. Kd3 Rxa6 41. Kxc3 0-1

[Event "Aleksin Autumn Silent"]
[Site "Aleksin"]
[Date "2013.10.13"]
[Round "4"]
[White "Ivanov, Mikhail"]
[Black "Malyuga, Valentin"]
[Result "0-1"]
[WhiteElo "2168"]
[BlackElo "2162"]
[PlyCount "74"]
[EventDate "2013.10.10"]
[EventType "tourn"]
[EventRounds "9"]
[EventCountry "RUS"]
[SourceTitle "EXT 2018"]
[Source "ChessBase"]
[SourceDate "2017.10.13"]
[SourceVersion "1"]
[SourceVersionDate "2017.10.13"]
[SourceQuality "1"]

1. d4 e6 2. e4 d5 3. Nc3 Nf6 4. e5 Nfd7 5. Nce2 c5 6. c3 Nc6 7. Nf3 Qb6 8. a3 a5 9. b3 cxd4 10. cxd4 Be7 11. g3 f6 12. Nf4 Ndxe5 13. dxe5 fxe5 14. Nh3 Bc5 15. Bg2 0-0 16. 0-0 e4 17. Nh4 Bd4 18. Rb1 e5 19. Be3 Bxh3 20. Bxh3 Rf6 21. Nf5 Raf8 22. Bxd4 exd4 23. Nh4 d3 24. Rb2 Qd4 25. Ra2 Ne5 26. Qa1 Qxa1 27. Raxa1 g5 28. Nf5 Rxf5 29. Bxf5 Rxf5 30. Kg2 g4 31. h4 gxh3+ 32. Kxh3 d2 33. Kg2 Rf3 34. Rfd1 Rd3 35. b4 a4 36. Ra2 Nf3 37. Rc2 Ne1+ 0-1

[Event "Aleksin Autumn Silent"]
[Site "Aleksin"]
[Date "2013.10.12"]
[Round "3"]
[White "Ivanov, Mikhail"]
[Black "Gerasimov, Aleksander"]
[Result "0-1"]
[WhiteElo "2168"]
[BlackElo "2175"]
[PlyCount "38"]
[EventDate "2013.10.10"]
[EventType "tourn"]
[EventRounds "9"]
[EventCountry "RUS"]
[SourceTitle "EXT 2018"]
[Source "ChessBase"]
[SourceDate "2017.10.13"]
[SourceVersion "1"]
[SourceVersionDate "2017.10.13"]
[SourceQuality "1"]

1. d4 Nf6 2. Nf3 g6 3. c4 Bg7 4. Nc3 d6 5. e4 0-0 6. Be2 Nbd7 7. 0-0 e5 8. Be3 Ng4 9. Bg5 f6 10. Bh4 Nh6 11. b4 g5 12. Bg3 g4 13. Nh4 exd4 14. Qxd4 f5 15. Qd5+ Kh8 16. Qd2 f4 17. Ng6+ hxg6 18. Bxf4 Kh7 19. Rad1 Bxc3 0-1

[Event "RUS-ch Silent"]
[Site "Zelenograd"]
[Date "2013.09.25"]
[Round "5"]
[White "Ivanov, Mikhail"]
[Black "Tikhonov, Anatoly"]
[Result "1-0"]
[WhiteElo "2168"]
[BlackElo "2034"]
[PlyCount "55"]
[EventDate "2013.09.22"]
[EventType "swiss"]
[EventRounds "11"]
[EventCountry "RUS"]
[SourceTitle "EXT 2016"]
[Source "ChessBase"]
[SourceDate "2015.10.08"]
[SourceVersion "1"]
[SourceVersionDate "2015.10.08"]
[SourceQuality "1"]

1. d4 c5 2. d5 Nf6 3. Nc3 d6 4. e4 g6 5. f4 Bg7 6. e5 Nfd7 7. exd6 Bxc3+ 8. bxc3 exd6 9. Nf3 0-0 10. Be2 Nf6 11. 0-0 Bf5 12. Nh4 Be4 13. f5 Nxd5 14. Qe1 Nd7 15. c4 N5f6 16. Qg3 Qe7 17. Bf4 Bxc2 18. Rae1 Qd8 19. Qc3 Ba4 20. Bxd6 Ne4 21. Qd3 Nxd6 22. Nxg6 fxg6 23. fxg6 Rxf1+ 24. Rxf1 Nf6 25. gxh7+ Kg7 26. Qh3 Qe7 27. Bd3 Qe3+ 28. Qxe3 1-0

[Event "RUS-ch Silent"]
[Site "Zelenograd"]
[Date "2013.09.24"]
[Round "3"]
[White "Shajakhmetov, Linat"]
[Black "Ivanov, Mikhail"]
[Result "1/2-1/2"]
[WhiteElo "2017"]
[BlackElo "2168"]
[PlyCount "53"]
[EventDate "2013.09.22"]
[EventType "swiss"]
[EventRounds "11"]
[EventCountry "RUS"]
[SourceTitle "EXT 2016"]
[Source "ChessBase"]
[SourceDate "2015.10.08"]
[SourceVersion "1"]
[SourceVersionDate "2015.10.08"]
[SourceQuality "1"]

1. Nf3 c5 2. c4 Nc6 3. Nc3 g6 4. g3 Bg7 5. Bg2 e5 6. 0-0 f5 7. d3 Nge7 8. e4 d6 9. Bg5 h6 10. Bxe7 Nxe7 11. Nd2 f4 12. Nd5 0-0 13. Nxe7+ Qxe7 14. Rb1 g5 15. f3 fxg3 16. hxg3 h5 17. Qe2 Be6 18. Rf2 Qd7 19. Nf1 b5 20. Ne3 Rf7 21. Re1 Raf8 22. b3 b4 23. g4 Rf4 24. Bh3 a5 25. Kg2 a4 26. Kh1 h4 27. Nf5 1/2-1/2

[Event "Latschach op 29th"]
[Site "Latschach"]
[Date "2013.08.14"]
[Round "6"]
[White "Singer, Richard"]
[Black "Ivanov, Mikhail"]
[Result "0-1"]
[WhiteElo "2253"]
[BlackElo "2392"]
[PlyCount "56"]
[EventDate "2013.08.10"]
[EventType "swiss"]
[EventRounds "9"]
[EventCountry "AUT"]
[SourceTitle "CBM 155 Extra"]
[Source "ChessBase"]
[SourceDate "2013.08.26"]
[SourceVersion "1"]
[SourceVersionDate "2013.08.26"]
[SourceQuality "1"]

1. d4 Nf6 2. c4 c5 3. d5 b5 4. cxb5 a6 5. b6 d6 6. Nc3 Nbd7 7. Nf3 g6 8. e4 Bg7 9. Be2 0-0 10. 0-0 Nxb6 11. Nd2 e6 12. Nc4 Nxc4 13. Bxc4 exd5 14. Nxd5 Nxe4 15. Qf3 Ng5 16. Bxg5 Qxg5 17. Nf6+ Bxf6 18. Qxa8 Bxb2 19. Rab1 Qf6 20. Bxa6 Bf5 21. Qf3 Bxb1 22. Rxb1 Qxf3 23. gxf3 Rb8 24. Bc4 Rb4 25. Bb3 Ba3 26. Bc2 Rxb1+ 27. Bxb1 d5 28. Bc2 Kf8 0-1

[Event "Latschach op 29th"]
[Site "Latschach"]
[Date "2013.08.11"]
[Round "2"]
[White "Ebner, Johann"]
[Black "Ivanov, Mikhail"]
[Result "0-1"]
[WhiteElo "2087"]
[BlackElo "2392"]
[PlyCount "74"]
[EventDate "2013.08.10"]
[EventType "swiss"]
[EventRounds "9"]
[EventCountry "AUT"]
[SourceTitle "CBM 155 Extra"]
[Source "ChessBase"]
[SourceDate "2013.08.26"]
[SourceVersion "1"]
[SourceVersionDate "2013.08.26"]
[SourceQuality "1"]

1. d4 Nf6 2. c4 e6 3. Nf3 d5 4. cxd5 exd5 5. Bg5 h6 6. Bxf6 Qxf6 7. Nc3 c6 8. e3 Bd6 9. Be2 Qe7 10. Qc2 0-0 11. 0-0 f5 12. Bd3 Be6 13. Nd2 Nd7 14. Rae1 Nf6 15. f4 Ne4 16. Nf3 c5 17. Ne5 Bxe5 18. fxe5 Nxc3 19. bxc3 Qd7 20. Rb1 c4 21. Be2 b5 22. Qb2 Rfb8 23. a4 b4 24. cxb4 Qxa4 25. Bd1 Qb5 26. Rf2 a5 27. bxa5 Qxa5 28. Qxb8+ Rxb8 29. Rxb8+ Kh7 30. Kf1 Qa1 31. Ke2 Qc1 32. Rf1 c3 33. Ba4 Qd2+ 34. Kf3 c2 35. Bxc2 Qxc2 36. g3 f4 37. gxf4 Qxh2 0-1

[Event "Vellmar op-A 5th"]
[Site "Vellmar"]
[Date "2013.07.28"]
[Round "7"]
[White "Blom, Vincent"]
[Black "Ivanov, Mikhail"]
[Result "0-1"]
[WhiteElo "2167"]
[BlackElo "2392"]
[PlyCount "57"]
[EventDate "2013.07.25"]
[EventType "swiss"]
[EventRounds "7"]
[EventCountry "GER"]
[SourceTitle "EXT 2015"]
[Source "ChessBase"]
[SourceDate "2014.11.20"]
[SourceVersion "1"]
[SourceVersionDate "2014.11.20"]
[SourceQuality "1"]

1. d4 d5 2. c4 dxc4 3. e3 Nf6 4. Bxc4 a6 5. Bb3 Nc6 6. Nf3 Bg4 7. 0-0 e6 8. Nbd2 Bd6 9. Nc4 0-0 10. Nxd6 cxd6 11. h3 Bxf3 12. Qxf3 d5 13. Bd2 Ne8 14. Qe2 Qb6 15. Rfb1 Rc8 16. Rc1 f5 17. f3 Nd6 18. Kh1 f4 19. e4 Nxd4 20. Qf2 Nc4 21. Bxc4 dxc4 22. e5 Qa7 23. Rd1 Nc6 24. Qxa7 Nxa7 25. Bb4 Rfd8 26. Bd6 Kf7 27. a4 g5 28. Rdc1 Rc6 29. g3 0-1

[Event "Zelenograd"]
[Site "Zelenograd"]
[Date "2012.09.18"]
[Round "4"]
[White "Varezhkin, Viktor"]
[Black "Ivanov, Mikhail"]
[Result "1/2-1/2"]
[WhiteElo "2196"]
[BlackElo "2108"]
[PlyCount "176"]
[EventDate "2012.09.15"]
[EventType "tourn"]
[EventRounds "9"]
[EventCountry "RUS"]
[SourceTitle "CBM 150 Extra"]
[Source "ChessBase"]
[SourceDate "2012.10.19"]
[SourceVersion "1"]
[SourceVersionDate "2012.10.19"]
[SourceQuality "1"]

1. e4 c5 2. Nf3 d6 3. d4 cxd4 4. Nxd4 Nf6 5. Nc3 Nc6 6. Bg5 Qb6 7. Nb3 e6 8. Qd2 Bd7 9. 0-0-0 Rd8 10. f3 Bc8 11. Nb5 Rd7 12. Be3 Qd8 13. Bxa7 b6 14. e5 dxe5 15. Qe1 Nd5 16. c4 Bb4 17. Qf2 Nxa7 18. cxd5 0-0 19. Nxa7 Qc7+ 20. Nc6 Rxd5 21. Qc2 Rxd1+ 22. Kxd1 Qd6+ 23. Bd3 Bc5 24. Nxc5 bxc5 25. Na5 e4 26. fxe4 Rd8 27. Ke2 e5 28. h3 Qg6 29. Kf2 Qf6+ 30. Ke1 Qh4+ 31. Ke2 Qg3 32. Rf1 Qxg2+ 33. Rf2 Qxh3 34. Nc4 Bg4+ 35. Kd2 Qg3 36. Kc3 h5 37. Rd2 h4 38. b3 h3 39. Nb2 Qg1 40. Rf2 Rd6 41. Qd2 Rh6 42. Rh2 Bf3 43. Bc4 Bg2 44. Qd8+ Kh7 45. Nd3 Qa1+ 46. Kc2 Qxa2+ 47. Kc3 Qa1+ 48. Kc2 Rf6 49. Qd7 Qf1 50. Qg4 g6 51. Qh4+ Kg7 52. Kd2 Rd6 53. Qg3 f6 54. Kc3 Qa1+ 55. Kc2 Qf1 56. Qf2 Qa1 57. Qxc5 Qa2+ 58. Kc3 Qa1+ 59. Kb4 Rd7 60. Bd5 g5 61. Qc8 Qd4+ 62. Bc4 Qd6+ 63. Kc3 g4 64. Qg8+ Kh6 65. Qxg4 Qd4+ 66. Kc2 Ra7 67. Rxh3+ Bxh3 68. Qxh3+ Kg7 69. Qg2+ Kh6 70. Nb2 Ra2 71. Kb1 Qa7 72. Qh2+ Kg7 73. Qg3+ Kh6 74. Na4 Rd2 75. Bf7 Qxf7 76. Qe3+ Kg6 77. Qxd2 Qxb3+ 78. Nb2 Qf3 79. Qd5 Kg5 80. Nd3 Kh4 81. Kc2 Kh3 82. Qd7+ Kh2 83. Qh7+ Kg1 84. Qf5 Qxf5 85. exf5 e4 86. Nc5 e3 87. Kd3 Kf2 88. Ne4+ Kf3 1/2-1/2

[Event "Zelenograd"]
[Site "Zelenograd"]
[Date "2012.09.17"]
[Round "3"]
[White "Ivanov, Mikhail"]
[Black "Malyuga, Valentin"]
[Result "1-0"]
[WhiteElo "2108"]
[BlackElo "2169"]
[PlyCount "45"]
[EventDate "2012.09.15"]
[EventType "tourn"]
[EventRounds "9"]
[EventCountry "RUS"]
[SourceTitle "CBM 150 Extra"]
[Source "ChessBase"]
[SourceDate "2012.10.19"]
[SourceVersion "1"]
[SourceVersionDate "2012.10.19"]
[SourceQuality "1"]

1. d4 c5 2. d5 g6 3. e4 Bg7 4. f4 d6 5. Nf3 Nf6 6. Nc3 0-0 7. a4 Na6 8. e5 dxe5 9. fxe5 Ng4 10. Bf4 Nb4 11. Qd2 f6 12. e6 Qa5 13. Bc4 g5 14. Bg3 Ne3 15. Bb3 c4 16. Qxe3 cxb3 17. 0-0-0 bxc2 18. Rd4 Qc5 19. Re1 Kh8 20. d6 f5 21. Rxb4 Qxb4 22. Be5 h6 23. Nxg5 1-0

[Event "Zelenograd"]
[Site "Zelenograd"]
[Date "2012.09.16"]
[Round "2"]
[White "Pogoskin, Roman"]
[Black "Ivanov, Mikhail"]
[Result "0-1"]
[WhiteElo "2141"]
[BlackElo "2108"]
[PlyCount "56"]
[EventDate "2012.09.15"]
[EventType "tourn"]
[EventRounds "9"]
[EventCountry "RUS"]
[SourceTitle "CBM 150 Extra"]
[Source "ChessBase"]
[SourceDate "2012.10.19"]
[SourceVersion "1"]
[SourceVersionDate "2012.10.19"]
[SourceQuality "1"]

1. e4 c5 2. c4 Nc6 3. Nf3 e5 4. Be2 d6 5. Nc3 Nf6 6. d3 Be7 7. 0-0 h6 8. Nd5 Be6 9. Ne1 g5 10. Nc2 Rb8 11. b4 Bxd5 12. cxd5 Nxb4 13. Nxb4 cxb4 14. Qa4+ Nd7 15. Bg4 Ra8 16. Be3 b6 17. Rfc1 Bf6 18. Qc6 Ke7 19. Qb7 Rb8 20. Qxa7 Ra8 21. Qb7 Rb8 22. Qa7 Ra8 23. Qxd7+ Qxd7 24. Bxd7 Kxd7 25. Bxb6 Rhb8 26. Rc7+ Ke8 27. Ba7 Rb5 28. Rb1 Bd8 0-1

[Event "Ufa Gumerov Memorial op"]
[Site "Ufa"]
[Date "2012.08.08"]
[Round "8"]
[White "Sabitov, Gamir"]
[Black "Ivanov, Mikhail"]
[Result "0-1"]
[WhiteElo "1820"]
[BlackElo "2094"]
[PlyCount "100"]
[EventDate "2012.08.01"]
[EventType "swiss"]
[EventRounds "9"]
[EventCountry "RUS"]
[SourceTitle "EXT 2013"]
[Source "ChessBase"]
[SourceDate "2012.11.22"]
[SourceVersion "1"]
[SourceVersionDate "2012.11.22"]
[SourceQuality "1"]

1. a3 d5 2. b4 e5 3. Bb2 Bd6 4. Nf3 Qe7 5. e3 Nd7 6. Be2 c6 7. d3 h6 8. 0-0 Ngf6 9. Nbd2 0-0 10. Re1 c5 11. Nh4 Nb6 12. bxc5 Bxc5 13. d4 Bd6 14. dxe5 Bxe5 15. Bxe5 Qxe5 16. Nhf3 Qd6 17. Nf1 Bf5 18. Ng3 Bh7 19. c4 Qc5 20. cxd5 Nbxd5 21. h3 Nc3 22. Qb3 Nxe2+ 23. Nxe2 b6 24. Rac1 Qe7 25. Ng3 Rac8 26. Nd4 Rc5 27. Red1 Rfc8 28. Ra1 Ne4 29. Nxe4 Bxe4 30. Ne2 Ba8 31. Ng3 h5 32. Qd3 h4 33. Ne2 Qg5 34. Nf4 Rc4 35. f3 Bxf3 36. Rf1 Be4 37. Qd7 Rc2 38. Rf2 Bf5 39. Qxa7 Rxf2 40. Kxf2 Qg3+ 41. Kg1 Qxe3+ 42. Kh1 Qxf4 43. Qxb6 Qe4 44. Rf1 Rc2 45. Qd8+ Kh7 46. Qg5 Bg6 47. Ra1 Rc3 48. Kh2 Rg3 49. Qd2 Qe5 50. Rc1 Rd3+ 0-1

[Event "Ufa Gumerov Memorial op"]
[Site "Ufa"]
[Date "2012.08.02"]
[Round "2"]
[White "Mukhuametdinov, llyas"]
[Black "Ivanov, Mikhail"]
[Result "0-1"]
[WhiteElo "1924"]
[BlackElo "2094"]
[PlyCount "88"]
[EventDate "2012.08.01"]
[EventType "swiss"]
[EventRounds "9"]
[EventCountry "RUS"]
[SourceTitle "EXT 2013"]
[Source "ChessBase"]
[SourceDate "2012.11.22"]
[SourceVersion "1"]
[SourceVersionDate "2012.11.22"]
[SourceQuality "1"]

1. e4 e5 2. Nf3 Nc6 3. Bb5 a6 4. Ba4 Nf6 5. 0-0 b5 6. Bb3 Be7 7. d4 d6 8. c3 0-0 9. h3 Bb7 10. d5 Na5 11. Bc2 c6 12. dxc6 Nxc6 13. Re1 Rc8 14. Nbd2 Qc7 15. Nf1 Rfd8 16. Ne3 Na5 17. a4 Nc4 18. axb5 axb5 19. Ra7 Qb8 20. Ra1 d5 21. exd5 Nxe3 22. Bxe3 Rxd5 23. Qe2 Rcd8 24. Ng5 Bc6 25. Bb3 h6 26. Bxd5 Bxd5 27. Nf3 Bc4 28. Qc2 e4 29. Nd4 Bd3 30. Qc1 Qc8 31. Ra5 b4 32. Nf5 Bf8 33. Bd4 Rd5 34. Rxd5 Nxd5 35. Ne3 Nf4 36. cxb4 Qxc1 37. Rxc1 Ne2+ 38. Kh2 Nxc1 39. Bc5 Bb5 40. Nd5 Bxc5 41. bxc5 Nd3 42. c6 Bxc6 43. Ne7+ Kf8 44. Nxc6 Nxb2 0-1

[Event "Ufa-ch sf2"]
[Site "Ufa"]
[Date "2012.05.28"]
[Round "8"]
[White "Ivanov, Mikhail"]
[Black "Gusev, Fedor"]
[Result "1-0"]
[WhiteElo "2094"]
[BlackElo "1549"]
[PlyCount "21"]
[EventDate "2012.05.21"]
[EventType "swiss"]
[EventRounds "9"]
[EventCountry "RUS"]
[SourceTitle "EXT 2014"]
[Source "ChessBase"]
[SourceDate "2013.11.20"]
[SourceVersion "1"]
[SourceVersionDate "2013.11.20"]
[SourceQuality "1"]

1. e4 e5 2. f4 exf4 3. Nf3 g5 4. Bc4 g4 5. 0-0 gxf3 6. Qxf3 Qg5 7. d4 Bh6 8. g3 d5 9. Bxd5 Bg4 10. Qb3 Qh5 11. Kh1 1-0